000 00663nam a22002177a 4500
005 20240305142501.0
008 240305b ||||| |||| 00| 0 eng d
040 _cAL
041 _aeng
082 _223
_a678.32
_bBOMB
100 _aK Gokul Krishna
_9152930
245 _aBirds Eye View of MS Bombay Tyres Tread with Emphasis on Areas of Management
260 _aMangalore
_bSt Aloysius College
_c1994
300 _a56p.
_bHB
_c29x23cm.
365 _2Management
650 _aProduction Management
_9152924
650 _aPersonnel Management
_9152925
650 _aMarketing Management
_9152926
700 _aKRISHNA (K Gokul)
_9152927
942 _2ddc
_cPRO
999 _c230048
_d230048